000 00405pab a2200169 454500
008 180718b1982 xxu||||| |||| 00| 0 eng d
100 _aMinocha, A.C.
245 _aUrbanisation in Madhya Pradesh
260 _c1982
300 _ap.20-39.
362 _aJul-Sep
650 _aUrbanization - India - Madhya Pradesh
650 _aUrbanization
773 _aNagarlok
908 _aN
909 _a101860
999 _c101858
_d101858